LEADER 01189nam a22002773i 4500 001 991000404079707536 005 20040826080101.0 008 040920s1996 it ita 020 $a8886756143 035 $ab13215668-39ule_inst 035 $aARCHE-116190$9ExL 040 $aSet. Economia$bita$cA.t.i. Arché s.c.r.l. Pandora Sicilia s.r.l. 082 04$a332.1 100 1 $aPolato, Maurizio$0116651 245 10$aCrediti, titoli e contratti derivati nel bilancio d'esercizio della banca :$bintroduzione ai criteri di rappresentazione e di valutazione /$cMaurizio Polato 260 $aUdine :$bForum,$c[1996] 300 $a153 p. ;$c24 cm 500 $aIn appendice: Decreto legislativo 27 gennaio 1992, n. 87 650 4$aBanche$xBilancio 650 4$aTitoli di rendita$xContabilità 907 $a.b13215668$b02-05-19$c23-09-04 912 $a991000404079707536 945 $aLE025 ECO 332.1 POL01.02$g1$i2025000161214$lle025$nCatalogato 2019$o-$pE0.00$q-$rl$s- $t0$u2$v4$w2$x0$y.i13871225$z23-09-04 996 $aCrediti, titoli e contratti derivati nel bilancio d'esercizio della banca$91100067 997 $aUNISALENTO 998 $ale025$b23-09-04$cm$da $e-$fita$git $h0$i1 LEADER 02340nam 2200625 a 450 001 9910785988603321 005 20161219111424.0 010 $a1-5063-1921-1 010 $a1-322-41877-2 010 $a1-4522-6499-6 010 $a0-7619-2917-7 035 $a(CKB)2670000000260937 035 $a(EBL)996826 035 $a(OCoLC)809773252 035 $a(SSID)ssj0000675617 035 $a(PQKBManifestationID)12347139 035 $a(PQKBTitleCode)TC0000675617 035 $a(PQKBWorkID)10670407 035 $a(PQKB)10840266 035 $a(MiAaPQ)EBC996826 035 $a(OCoLC)1007858793 035 $a(StDuBDS)EDZ0000076824 035 $a(EXLCZ)992670000000260937 100 $a20120418d2006 fy| 0 101 0 $aeng 135 $aur||||||||||| 181 $ctxt 182 $cc 183 $acr 200 10$aGender communication theories & analyses$b[electronic resource] $efrom silence to performance /$fCharlotte Krol?kke, Ann Scott S?rensen 210 $aThousand Oaks, Calif. ;$aLondon $cSAGE$dc2006 215 $a1 online resource (xiii, 193 p.) 300 $aDescription based upon print version of record. 311 $a1-4522-3308-X 311 $a0-7619-2918-5 320 $aIncludes bibliographical references (p. 165-180) and index. 327 $aCover; Contents; Introduction; 1 - Three Waves of Feminism; 2 - Feminist Communication Theories; 3 - Feminist Communication Methodology; 4 - Sexist Discourse, Deficit and Dominance; 5 - Discourses of Difference and Identity; 6 - Gender and Performance; 7 - Conclusion; References; Index; About the Authors 330 8 $aThe authors survey the field of gender & communication with a particular focus on gender & communication theories & methods. 606 $aCommunication$xSex differences 606 $aInterpersonal communication 606 $aGender identity 606 $aSex role 615 0$aCommunication$xSex differences. 615 0$aInterpersonal communication. 615 0$aGender identity. 615 0$aSex role. 676 $a305.3014 700 $aKrol?kke$b Charlotte$01536787 701 $aS?rensen$b Ann Scott$01536788 801 0$bStDuBDS 801 1$bStDuBDS 906 $aBOOK 912 $a9910785988603321 996 $aGender communication theories & analyses$93785707 997 $aUNINA